000 00765nam a2200205 a 4500
003 0
005 20250424094848.0
008 970114s19uu xx 00 eng d
050 _aPGS HQ 767.9
_b.L318 2003
100 _aLaraño, Anna Marie N.
245 _aThe level of communication between parents and adolescents students /
_cAnna Marie N. Laraño.
260 _aLas Piñas City, Philippines :
_bSouthville International School and Colleges,
_c2003.
300 _a27 pages :
_billustrations ;
_c28 cm.
504 _aIncludes bibliographical references.
650 _aParent and child
_vCommunication.
650 _aParenting
_vPsychological aspects.
650 _aAdolescents
_vSocial conditions.
650 _aCommunication in families.
942 _2lcc
_cPASS
999 _c96882
_d96882